000 00504nam a2200193Ia 4500
005 20250326145122.0
008 250326s9999 xx 000 0 und d
037 _aTextbook
040 _aFMSL
_beng
_cFMSL
041 _aeng
_2eng
084 _aY434.44 P8
_qFMSL
100 _aGupta K R
245 0 _aPoverty in India
_cGupta K R
260 _aNew Delhi
_bNew Delhi, Atlantic
_c2008
365 _b495
650 _aManagement
942 _cTB
_hY434.44 P8
999 _c1306440
_d1306440